| 000 | 00801nam a22002411i 4500 | ||
|---|---|---|---|
| 001 | bimo0001241110 | ||
| 003 | OSt | ||
| 005 | 20141202163605.0 | ||
| 008 | 940725s1980 sp spa | ||
| 020 | _a84-320-3555-6 | ||
| 040 | _cBMC | ||
| 082 | _a973.924 | ||
| 100 | 1 |
_aNixon, Richard M. _qRichard Milhous _d1913-1994 _93355 |
|
| 245 | 1 | 3 |
_aLa verdadera guerra _b: la tercera guerra mundial ha comenzado _c[por] Richard M. Nixon ; [traducción del inglés por Carlos-Andrés Alba] |
| 260 |
_aBarcelona _bPlaneta _c1980 |
||
| 300 |
_a350 p., 1 h. _c20 cm |
||
| 490 | 0 |
_aDocumento _v15 |
|
| 546 | _aTraducción de: The real war | ||
| 600 | 1 |
_928561 _aNixon, Richard M. _d1913-1994 |
|
| 650 | 7 |
_aPolítica mundial _y1965-1975 _2embne |
|
| 700 | 1 |
_aAlba, Carlos-Andrés _928411 |
|
| 942 |
_2ddc _cBK |
||
| 999 |
_c15935 _d15935 |
||